Datum a čas kvízu
17.5
Celkem bodů
Celkový počet nahraných bodů na tomto kvízu bez doplňovacích otázek.
5.
Pořadí na kvízu
Konečné umístění týmu na tomto kvízu.
Zaznamenané odpovědi
| # | Otázka | Odpověď | Body | Výsledky |
|---|---|---|---|---|
| 1. | Ve středu se v Česku uskutečni... | 1 | ||
| 2. | Drobná africká monarchie slaví... | 0 | ||
| 3. | Ve čtvrtek začal 31. ročník fi... | 0 | ||
| 4. | Česko a Slovensko dostaly od E... | 0 | ||
| 5. | V pátek a v sobotu se v Klatov... | 0 | ||
| 6. | Ve kterém městě (má asi 50 000... | 0 | ||
| 7. | Velký úspěch minulý rok zaznam... | 1 | ||
| 8. | Olga Sommerová je od roku 2014... | 1 | ||
| 9. | Režisérka Helena Třeštíková na... | 0 | ||
| 10. | Seřaďte tyto dokumenty podle j... | 1 |